Elementos de tecnología mecánica
Publicado:
Barcelona :
Escuela Elemental del Trabajo de la Diputación Provincial de Barcelona. Sección Ediciones (E.E.T. Artes Gráficas ,
1951
Descripción Física:
78 p. : il. ; 21 cm
Otros Autores:
Escola Elemental del Treball (Barcelona)
Materias:
Tecnologia
MARC
| LEADER | 00000nam a2200000Ia 4500 | ||
|---|---|---|---|
| 001 | 1980 | ||
| 008 | 160829s1951) xx 000 0 cat d | ||
| 080 | |a C-1-406 | ||
| 245 | |a Elementos de tecnología mecánica | ||
| 260 | |a Barcelona : |b Escuela Elemental del Trabajo de la Diputación Provincial de Barcelona. Sección Ediciones (E.E.T. Artes Gráficas, |c 1951) | ||
| 300 | |a 78 p. : |b il. ; |c 21 cm | ||
| 650 | 0 | |a Tecnologia |9 33582 | |
| 700 | |a Escola Elemental del Treball (Barcelona) |9 55345 | ||
| 901 | |a Arxiu | ||
| 942 | |n 1 | ||
| 952 | |0 0 |1 0 |4 0 |6 C1406 |7 1 |9 47705 |a Arxiu |b Arxiu |d 2016-12-01 |l 0 |o C-1-406 |p 1980 |r 2016-12-01 00:00:00 |w 2016-12-01 |y ARXIU | ||
| 999 | |c 51504 |d 51504 | ||